Music in the renaissance
Guardat en:
| Autor principal: | |
|---|---|
| Format: | Llibre |
| Idioma: | anglès |
| Publicat: |
Nueva York
W.W. Norton
1954
|
| Matèries: | |
| Etiquetes: |
Afegir etiqueta
Sense etiquetes, Sigues el primer a etiquetar aquest registre!
|
MARC
| LEADER | 00000nam a2200000 a 4500 | ||
|---|---|---|---|
| 001 | UCN1658 | ||
| 003 | CL-VaPUC | ||
| 008 | 010427e19540000US |||||||||||||||||eng|d | ||
| 082 | 0 | 4 | |a 780.903 |b REE |2 21 |
| 100 | 0 | |a Reese, Gustave |e author |9 456902 | |
| 245 | 1 | 0 | |a Music in the renaissance |
| 300 | |a 1022 p | ||
| 942 | |c BK | ||
| 945 | |d 20010427 00:00:00 |a crobeson | ||
| 260 | |a Nueva York |b W.W. Norton |c 1954 | ||
| 650 | 0 | |a Música renacentista |9 391249 | |
| 650 | 0 | |a Historia |9 255047 | |
| 650 | 0 | |a Música vocal |9 306287 | |
| 650 | 0 | |a Compositores |9 306451 | |
| 650 | 0 | |a Música sacra |9 306656 | |
| 650 | 0 | |a Música francesa |9 306438 | |
| 650 | 0 | |a Música vocal sacra |9 391250 | |
| 650 | 0 | |a Música instrumental |9 375235 | |
| 583 | |a last modification |c 20010427 00:00:00 |k Rodrigo Vera | ||
| 999 | |c 294909 |d 294907 | ||
| 952 | |0 0 |1 0 |4 0 |6 780_903000000000000_REE_1954 |7 0 |8 F |9 347659 |a BIBEDU |b BIBEDU |d 2019-11-20 |i 1181238 |o 780.903 REE 1954 |p 1181238 |r 2023-01-12 |w 2019-11-20 |y BK_F |k MUS | ||